[Event "Tenerife-ch Seniors/Women"]
[Site "Santa Cruz de Tenerife"]
[Date "2023.03.24"]
[Round "6.6"]
[White "Martinez Rojas, Carlos Jose"]
[Black "Abreu Suarez, Isauro"]
[Result "1/2-1/2"]
[WhiteElo "1947"]
[BlackElo "1984"]
[PlyCount "51"]
[EventDate "2023.03.13"]
[EventType "swiss"]
[EventRounds "9"]
[EventCountry "ESP"]
[SourceTitle "EXT 2024"]
[Source "ChessBase"]
[SourceDate "2023.10.10"]
[SourceVersion "1"]
[SourceVersionDate "2023.10.10"]
[SourceQuality "1"]

1. e4 d5 2. d4 dxe4 3. Nc3 Nf6 4. Bg5 Bf5 5. f3 Nbd7 6. Qd2 e6 7. fxe4 Bxe4 8. 0-0-0 Bb4 9. Nge2 c6 10. Qe3 Bg6 11. Nf4 Ng4 12. Qg3 Qxg5 13. h4 Qa5 14. Nxg6 hxg6 15. Qxg4 Bxc3 16. bxc3 Nb6 17. Qg3 0-0-0 18. Rh3 Qa3+ 19. Kd2 Rh5 20. Rb1 e5 21. Rb3 Qa5 22. Be2 exd4 23. Bg4+ Rf5 24. Bxf5+ gxf5 25. Ke1 Nc4 26. Qxg7 1/2-1/2

[Event "Tenerife-chT Tercera"]
[Site "Tenerife"]
[Date "2023.03.04"]
[Round "6.2"]
[White "Rosario Panina, Andrey"]
[Black "Abreu Suarez, Isauro"]
[Result "0-1"]
[WhiteElo "1459"]
[BlackElo "1981"]
[PlyCount "48"]
[EventDate "2023.01.14"]
[EventType "team-tourn"]
[EventRounds "15"]
[EventCountry "ESP"]
[SourceTitle "EXT 2024"]
[Source "ChessBase"]
[SourceDate "2023.10.10"]
[SourceVersion "1"]
[SourceVersionDate "2023.10.10"]
[SourceQuality "1"]
[WhiteTeam "El Sauzal Libreria Barco III"]
[BlackTeam "Canarias 64 II"]
[WhiteTeamCountry "ESP"]
[BlackTeamCountry "ESP"]

1. e4 Nf6 2. d3 d5 3. Nd2 c5 4. Ngf3 Nc6 5. g3 Bg4 6. Bg2 e6 7. 0-0 Be7 8. Re1 0-0 9. h3 Bxf3 10. Qxf3 Rc8 11. Nf1 c4 12. exd5 Nd4 13. Qd1 cxd3 14. cxd3 Nc2 15. Be3 Nxa1 16. Qxa1 Nxd5 17. Qd1 Bc5 18. d4 Nxe3 19. fxe3 Bd6 20. Qa4 Qb6 21. Qd7 Rc7 22. Qa4 Qxb2 23. Qxa7 g6 24. g4 Rfc8 0-1

[Event "Tenerife-chT Tercera"]
[Site "Tenerife"]
[Date "2023.02.04"]
[Round "4.1"]
[White "Abreu Suarez, Isauro"]
[Black "Mesa Cruz, Ricardo"]
[Result "1-0"]
[WhiteElo "1981"]
[BlackElo "1255"]
[PlyCount "57"]
[EventDate "2023.01.14"]
[EventType "team-tourn"]
[EventRounds "15"]
[EventCountry "ESP"]
[SourceTitle "EXT 2024"]
[Source "ChessBase"]
[SourceDate "2023.10.10"]
[SourceVersion "1"]
[SourceVersionDate "2023.10.10"]
[SourceQuality "1"]
[WhiteTeam "Canarias 64 II"]
[BlackTeam "Caissa Enroque III"]
[WhiteTeamCountry "ESP"]
[BlackTeamCountry "ESP"]

1. e4 c6 2. d4 d5 3. f3 dxe4 4. fxe4 e6 5. Nf3 Nf6 6. Bd3 Be7 7. 0-0 0-0 8. e5 Nd5 9. c4 Nb4 10. Be2 c5 11. a3 N4c6 12. d5 exd5 13. cxd5 Nd4 14. Nxd4 cxd4 15. Qxd4 b6 16. d6 Bb7 17. Qf4 Nc6 18. dxe7 Qxe7 19. Bf3 Rac8 20. Nc3 Rfd8 21. Be3 Nxe5 22. Bxb7 Rc4 23. Be4 Nd3 24. Qf5 g6 25. Qg5 Qxg5 26. Bxg5 Rdd4 27. Bf6 Rxe4 28. Nxe4 Rxe4 29. Rad1 1-0

[Event "Santa Cruz Christmas op 32nd"]
[Site "Santa Cruz"]
[Date "2022.12.28"]
[Round "8"]
[White "Abreu Suarez, Isauro"]
[Black "Lozano Marques, Manuel"]
[Result "1-0"]
[WhiteElo "1981"]
[BlackElo "1475"]
[PlyCount "37"]
[EventDate "2022.12.15"]
[EventType "swiss"]
[EventRounds "9"]
[EventCountry "ESP"]
[SourceTitle "EXT 2024"]
[Source "ChessBase"]
[SourceDate "2023.10.10"]
[SourceVersion "1"]
[SourceVersionDate "2023.10.10"]
[SourceQuality "1"]

1. e4 c5 2. Nf3 d6 3. d4 cxd4 4. Nxd4 a6 5. Nc3 Nf6 6. h3 b5 7. a4 b4 8. Nd5 Nxd5 9. exd5 Bb7 10. Bc4 g6 11. 0-0 Bg7 12. Re1 0-0 13. Bg5 Re8 14. a5 Qc7 15. Be3 Bc8 16. Qd2 Qb7 17. Bh6 Nd7 18. Bxg7 Kxg7 19. Ra4 1-0

[Event "Santa Cruz Christmas op 32nd"]
[Site "Santa Cruz"]
[Date "2022.12.21"]
[Round "5"]
[White "Montoro Salvatierra, Pedro"]
[Black "Abreu Suarez, Isauro"]
[Result "0-1"]
[WhiteElo "1621"]
[BlackElo "1981"]
[PlyCount "88"]
[EventDate "2022.12.15"]
[EventType "swiss"]
[EventRounds "9"]
[EventCountry "ESP"]
[SourceTitle "EXT 2024"]
[Source "ChessBase"]
[SourceDate "2023.10.10"]
[SourceVersion "1"]
[SourceVersionDate "2023.10.10"]
[SourceQuality "1"]

1. d4 d5 2. Nf3 Nf6 3. c4 e6 4. Nc3 c5 5. cxd5 exd5 6. Bg5 Be6 7. e3 Nc6 8. Rc1 c4 9. Be2 Be7 10. 0-0 0-0 11. Nd2 b5 12. Nxb5 Rb8 13. Nc3 Rxb2 14. Rb1 Rxb1 15. Qxb1 Qa5 16. Rc1 Ba3 17. Rc2 Nb4 18. Bxf6 Nxc2 19. Qxc2 gxf6 20. e4 Rb8 21. Nd1 Bd7 22. exd5 Ba4 23. Qc3 Qxc3 24. Nxc3 Bb4 25. Nxa4 Bxd2 26. Bxc4 Rb1+ 27. Bf1 Rb4 28. Nc5 Rxd4 29. Nb3 Rxd5 30. Bc4 Rd6 31. Kf1 Bc3 32. Ke2 Kf8 33. Ke3 Ke7 34. f3 f5 35. h3 h5 36. f4 h4 37. Bd3 Kf6 38. Nc1 Bd4+ 39. Kd2 Rb6 40. Nb3 Bf2 41. Ke2 Bg3 42. Kf3 Rb4 43. Bf1 Rxf4+ 44. Ke2 Rf2+ 0-1

[Event "Santa Cruz Christmas op 32nd"]
[Site "Santa Cruz"]
[Date "2022.12.15"]
[Round "1"]
[White "Abreu Suarez, Isauro"]
[Black "Mesa Cruz, Ricardo"]
[Result "1-0"]
[WhiteElo "1981"]
[BlackElo "1255"]
[PlyCount "61"]
[EventDate "2022.12.15"]
[EventType "swiss"]
[EventRounds "9"]
[EventCountry "ESP"]
[SourceTitle "EXT 2024"]
[Source "ChessBase"]
[SourceDate "2023.10.10"]
[SourceVersion "1"]
[SourceVersionDate "2023.10.10"]
[SourceQuality "1"]

1. e4 c6 2. Nf3 d5 3. exd5 cxd5 4. Ne5 Nc6 5. d4 a6 6. c3 Bf5 7. Nd2 Nxe5 8. dxe5 e6 9. Nf3 Ne7 10. Bd3 Bxd3 11. Qxd3 Nc6 12. 0-0 Be7 13. Re1 0-0 14. a4 Na5 15. Nd4 Nc6 16. Qg3 Nxd4 17. cxd4 Kh8 18. Bd2 Qb6 19. Qd3 Rac8 20. b3 Rc6 21. Re3 g6 22. Rf3 Bb4 23. a5 Bxa5 24. Bxa5 Qxa5 25. Rxa5 Rc1+ 26. Qf1 Rxf1+ 27. Kxf1 Kg7 28. Rc5 b5 29. b4 Ra8 30. Rc7 a5 31. Rfxf7+ 1-0

[Event "Tenerife-ch"]
[Site "Santa Cruz"]
[Date "2022.04.20"]
[Round "1"]
[White "Abreu Suarez, Isauro"]
[Black "Baez Ferrer, Nestor"]
[Result "1-0"]
[WhiteElo "1990"]
[BlackElo "1117"]
[PlyCount "89"]
[EventDate "2022.04.20"]
[EventType "swiss"]
[EventRounds "9"]
[EventCountry "ESP"]
[SourceTitle "EXT 2023"]
[Source "ChessBase"]
[SourceDate "2022.10.05"]
[SourceVersion "1"]
[SourceVersionDate "2022.10.05"]
[SourceQuality "1"]

1. e4 c6 2. Nf3 d5 3. exd5 cxd5 4. Ne5 Nc6 5. d4 e6 6. c3 Bd6 7. Bb5 Nge7 8. Nd2 a6 9. Ba4 0-0 10. Ndf3 f6 11. Nxc6 bxc6 12. 0-0 c5 13. Re1 Rb8 14. h3 Qc7 15. Qe2 a5 16. Rb1 Ng6 17. Bc2 Nf4 18. Bxf4 Bxf4 19. c4 cxd4 20. cxd5 exd5 21. Nxd4 Be5 22. Rbd1 Bxd4 23. Rxd4 Bb7 24. h4 Rbe8 25. Qxe8 Rxe8 26. Rxe8+ Kf7 27. Re2 Qb6 28. Red2 g6 29. Bb3 Qc7 30. Bxd5+ Bxd5 31. Rxd5 Qf4 32. g3 Qc4 33. b3 Qc1+ 34. Kg2 g5 35. hxg5 fxg5 36. Rd7+ Kg6 37. R2d6+ Kf5 38. Ra7 Qa3 39. Rd5+ Kg6 40. Ra6+ Kh5 41. Raxa5 Qe7 42. Rxg5+ Qxg5 43. Rxg5+ Kxg5 44. f4+ Kf5 45. a4 1-0

[Event "Tenerife-chT Preferente"]
[Site "Tenerife"]
[Date "2022.01.29"]
[Round "1.3"]
[White "Mamani Beltran, Deniman"]
[Black "Abreu Suarez, Isauro"]
[Result "1/2-1/2"]
[WhiteElo "1975"]
[BlackElo "1989"]
[PlyCount "54"]
[EventDate "2022.01.29"]
[EventType "team-tourn"]
[EventRounds "14"]
[EventCountry "ESP"]
[SourceTitle "EXT 2024"]
[Source "ChessBase"]
[SourceDate "2023.10.10"]
[SourceVersion "1"]
[SourceVersionDate "2023.10.10"]
[SourceQuality "1"]
[WhiteTeam "Fundacion La Caja de Canarias"]
[BlackTeam "Canarias 64"]
[WhiteTeamCountry "ESP"]
[BlackTeamCountry "ESP"]

1. e4 d5 2. exd5 Nf6 3. d4 Nxd5 4. Nf3 Bg4 5. c4 Nf6 6. Be2 e6 7. 0-0 c5 8. Be3 cxd4 9. Nxd4 Bxe2 10. Qxe2 Nbd7 11. Rd1 Be7 12. Nc3 0-0 13. Rac1 a6 14. a3 Qc7 15. b4 Rfd8 16. c5 Nb8 17. Na4 Nc6 18. Nb6 Rab8 19. Nxc6 Rxd1+ 20. Rxd1 Qxc6 21. Bg5 Rd8 22. h3 h6 23. Rxd8+ Bxd8 24. Bxf6 Bxf6 25. Nc4 Qd5 26. Kh2 h5 27. Kg1 h4 1/2-1/2

[Event "Santa Cruz de Tenerife op 31st"]
[Site "Santa Cruz de Tenerife"]
[Date "2021.12.27"]
[Round "7"]
[White "Mamani Beltran, Daniel"]
[Black "Abreu Suarez, Isauro"]
[Result "1/2-1/2"]
[WhiteElo "1994"]
[BlackElo "1989"]
[PlyCount "96"]
[EventDate "2021.12.14"]
[EventType "swiss"]
[EventRounds "9"]
[EventCountry "ESP"]
[SourceTitle "CBM 206 Extra"]
[Source "ChessBase"]
[SourceDate "2022.03.31"]
[SourceVersion "1"]
[SourceVersionDate "2022.03.31"]
[SourceQuality "1"]

1. e4 d5 2. exd5 Nf6 3. Nf3 Nxd5 4. d4 Bf5 5. Bd2 e6 6. Bc4 Be7 7. 0-0 0-0 8. Bb3 Nd7 9. c4 N5f6 10. Nc3 c5 11. Bf4 cxd4 12. Nxd4 Bg6 13. Be3 a6 14. Bc2 Rc8 15. Bxg6 hxg6 16. Qe2 Qc7 17. b3 b5 18. Rac1 bxc4 19. Na4 Qb7 20. Rxc4 Rxc4 21. bxc4 Rc8 22. Nb3 Qb4 23. Nb2 Ne4 24. Bd4 Ndc5 25. Rc1 Nxb3 26. axb3 Nc5 27. Bxc5 Bxc5 28. Qc2 a5 29. Nd3 Qb6 30. Ra1 Bd4 31. Rb1 e5 32. Ne1 Rc6 33. Nf3 Rf6 34. Nxd4 exd4 35. Qd3 Qc5 36. Ra1 Rb6 37. g3 Rb4 38. Qf3 Qb6 39. Qa8+ Kh7 40. Qxa5 Qxa5 41. Rxa5 Rxb3 42. Rd5 d3 43. Kg2 Rc3 44. c5 Rc2 45. h4 f6 46. g4 Kg8 47. Rd8+ Kf7 48. Rxd3 Rxc5 1/2-1/2

[Event "Santa Cruz de Tenerife op 31st"]
[Site "Santa Cruz de Tenerife"]
[Date "2021.12.20"]
[Round "4"]
[White "Martinez Dubra, Mathias Nicolas"]
[Black "Abreu Suarez, Isauro"]
[Result "0-1"]
[WhiteElo "1569"]
[BlackElo "1989"]
[PlyCount "72"]
[EventDate "2021.12.14"]
[EventType "swiss"]
[EventRounds "9"]
[EventCountry "ESP"]
[SourceTitle "CBM 206 Extra"]
[Source "ChessBase"]
[SourceDate "2022.03.31"]
[SourceVersion "1"]
[SourceVersionDate "2022.03.31"]
[SourceQuality "1"]

1. e4 d5 2. exd5 Nf6 3. Nf3 Nxd5 4. b3 c5 5. Bb2 Nc6 6. Be2 f6 7. 0-0 e5 8. Ne1 Be7 9. Bh5+ g6 10. Bf3 0-0 11. c3 Be6 12. Nc2 f5 13. c4 Nf4 14. Bxc6 bxc6 15. Bxe5 Nd3 16. Bc3 f4 17. Ne1 f3 18. Nxd3 Qxd3 19. Re1 Qd7 20. Re3 Bg5 21. Rxf3 Bg4 22. Rxf8+ Rxf8 23. f3 Be3+ 24. Kf1 Bf5 25. d4 cxd4 26. Be1 Qe7 27. a4 g5 28. h3 h5 29. Ra2 g4 30. hxg4 hxg4 31. f4 Qh7 32. Bf2 Qh1+ 33. Ke2 Qxg2 34. Qe1 Qf3+ 35. Kf1 Bd3+ 36. Kg1 Qg3+ 0-1

[Event "Tenerife-chT Preferente"]
[Site "Tenerife"]
[Date "2021.09.25"]
[Round "12.2"]
[White "Abreu Suarez, Isauro"]
[Black "Amador Garcia, Ismael"]
[Result "0-1"]
[WhiteElo "2004"]
[BlackElo "2115"]
[PlyCount "94"]
[EventDate "2021.02.27"]
[EventType "team-tourn"]
[EventRounds "14"]
[EventCountry "ESP"]
[SourceTitle "EXT 2023"]
[Source "ChessBase"]
[SourceDate "2022.10.05"]
[SourceVersion "1"]
[SourceVersionDate "2022.10.05"]
[SourceQuality "1"]
[WhiteTeam "Canarias 64"]
[BlackTeam "Ebano Barrio Nuevo"]
[WhiteTeamCountry "ESP"]
[BlackTeamCountry "ESP"]

1. Nc3 d5 2. e4 d4 3. Nce2 e5 4. Ng3 Be6 5. c3 c5 6. Bb5+ Nd7 7. Nf3 f6 8. 0-0 a6 9. Bxd7+ Qxd7 10. cxd4 cxd4 11. d3 Bd6 12. Bd2 Ne7 13. Qe2 0-0-0 14. b4 Qa4 15. Rfb1 Kb8 16. Rb2 b5 17. a3 g5 18. Nh5 Rhf8 19. h3 g4 20. Nh4 gxh3 21. g3 Rf7 22. f4 exf4 23. Bxf4 Be5 24. Qd2 Kb7 25. Nf5 Nxf5 26. exf5 Bd5 27. Rf1 Qxa3 28. Bxe5 fxe5 29. f6 Qc3 30. Qe2 Bg2 31. Rfb1 Rc8 32. Rd1 Qc7 33. Re1 Qd6 34. Kh2 Re8 35. Qg4 Qd5 36. Qf5 Qf3 37. Rf2 Qxf5 38. Rxf5 e4 39. Nf4 exd3 40. Nxd3 Rxe1 41. Nxe1 Kc7 42. Nd3 Be4 43. Rc5+ Kd6 44. Nf2 Bd5 45. Ng4 h5 46. Nf2 Rxf6 47. Nd3 Rf1 0-1

[Event "Isla de Tenerife 2nd"]
[Site "Puerto de la Cruz"]
[Date "2021.04.03"]
[Round "6"]
[White "Abreu Suarez, Isauro"]
[Black "Guillermo Gonzalez, Alvaro"]
[Result "1/2-1/2"]
[WhiteElo "1991"]
[BlackElo "2110"]
[PlyCount "151"]
[EventDate "2021.04.01"]
[EventType "tourn"]
[EventRounds "7"]
[EventCountry "ESP"]
[SourceTitle "EXT 2022"]
[Source "ChessBase"]
[SourceDate "2021.10.06"]
[SourceVersion "1"]
[SourceVersionDate "2021.10.06"]
[SourceQuality "1"]

1. e4 c5 2. Nc3 Nc6 3. g3 g6 4. Bg2 Bg7 5. d3 d6 6. Be3 e5 7. Qd2 Nge7 8. Nge2 0-0 9. Bh6 Be6 10. Bxg7 Kxg7 11. f4 f6 12. 0-0 Qd7 13. Rf2 Nd4 14. Raf1 Rac8 15. Nd5 Bxd5 16. exd5 Nxe2+ 17. Rxe2 Ng8 18. c3 Nh6 19. d4 cxd4 20. cxd4 Nf7 21. b3 Rfe8 22. fxe5 dxe5 23. Ref2 f5 24. dxe5 Rxe5 25. Qd4 b6 26. g4 Kg8 27. gxf5 g5 28. h4 Qe7 29. hxg5 Qxg5 30. d6 Rd8 31. d7 Qe7 32. Bc6 Qc5 33. Rg2+ Kf8 34. Qxc5+ Rxc5 35. Re1 Ne5 36. Rxe5 Rxe5 37. b4 Ke7 38. Rg7+ Kd6 39. b5 Rxf5 40. Rxh7 Rc5 41. Rh6+ Kc7 42. Re6 Rc2 43. Kf1 Rxa2 44. Ke1 Rc2 45. Kd1 Rc5 46. Re8 Rc3 47. Kd2 Ra3 48. Kc2 a6 49. Kb2 Ra5 50. Kb3 axb5 51. Rxd8 Kxd8 52. Kb4 Ra1 53. Bxb5 Rb1+ 54. Kc4 Kc7 55. Ba4 Rh1 56. Bb5 Rh4+ 57. Kc3 Rh6 58. Kb4 Rd6 59. Kc4 Kd8 60. Ba4 Ke7 61. Bb5 Ke6 62. Ba4 Ke5 63. Kb5 Ke4 64. Kb4 Rd4+ 65. Kc3 Ke3 66. Kb3 Kd2 67. Bc6 Ke3 68. Bb5 Ke4 69. Ba4 Rd6 70. Bb5 Ke5 71. Kb4 Ke6 72. Kc4 Ke7 73. Ba4 Rh6 74. Bb5 Rh5 75. Kb4 Rh4+ 76. Kc3 1/2-1/2

[Event "Isla de Tenerife 2nd"]
[Site "Puerto de la Cruz"]
[Date "2021.04.02"]
[Round "3"]
[White "Abreu Suarez, Isauro"]
[Black "Perez Guerra, Raul"]
[Result "0-1"]
[WhiteElo "1991"]
[BlackElo "2184"]
[PlyCount "120"]
[EventDate "2021.04.01"]
[EventType "tourn"]
[EventRounds "7"]
[EventCountry "ESP"]
[SourceTitle "EXT 2022"]
[Source "ChessBase"]
[SourceDate "2021.10.06"]
[SourceVersion "1"]
[SourceVersionDate "2021.10.06"]
[SourceQuality "1"]

1. b3 e5 2. Bb2 Nc6 3. e3 g6 4. Nf3 Bg7 5. d4 d6 6. dxe5 Bg4 7. Bb5 Nge7 8. h3 Bxf3 9. Qxf3 0-0 10. Nc3 Nxe5 11. Qxb7 c6 12. Be2 Nd7 13. Qb4 Nd5 14. Nxd5 Bxb2 15. Rb1 Rb8 16. Qd2 Be5 17. Nf4 Nc5 18. Bf3 Bxf4 19. exf4 Re8+ 20. Kf1 Ne4 21. Bxe4 Rxe4 22. f3 Re6 23. Re1 Rxe1+ 24. Qxe1 Qf6 25. Kf2 Qxf4 26. Qe3 Qh4+ 27. g3 Qb4 28. Rd1 Qa3 29. Qc3 Rc8 30. h4 h5 31. Re1 d5 32. Kg2 Qd6 33. Qe5 Qd7 34. Re2 a5 35. a4 c5 36. Qe7 Qc6 37. g4 hxg4 38. fxg4 d4+ 39. Qe4 Qf6 40. g5 Qd6 41. Qg4 Rd8 42. h5 Qd5+ 43. Kg1 d3 44. cxd3 gxh5 45. Qe4 Qxd3 46. Qxd3 Rxd3 47. Re8+ Kg7 48. Ra8 Rxb3 49. Rxa5 c4 50. Rc5 c3 51. Rc6 Ra3 52. Kh2 Rxa4 53. Rxc3 Kg6 54. Kh3 Kxg5 55. Rc5+ f5 56. Rc8 Ra3+ 57. Kg2 Kg4 58. Rg8+ Kf4 59. Re8 Ra2+ 60. Kh3 Kf3 0-1

[Event "Santa Cruz de Tenerife op 30th"]
[Site "Santa Cruz de Tenerife"]
[Date "2019.12.17"]
[Round "3"]
[White "Martinez Rojas, Carlos Jose"]
[Black "Abreu Suarez, Isauro"]
[Result "0-1"]
[WhiteElo "2051"]
[BlackElo "1941"]
[PlyCount "72"]
[EventDate "2019.12.13"]
[EventType "swiss"]
[EventRounds "9"]
[EventCountry "ESP"]
[SourceTitle "CBM 194 Extra"]
[Source "ChessBase"]
[SourceDate "2020.03.31"]
[SourceVersion "1"]
[SourceVersionDate "2020.03.31"]
[SourceQuality "1"]

1. Nc3 Nf6 2. d4 c5 3. d5 e6 4. e4 d6 5. Bb5+ Bd7 6. dxe6 fxe6 7. e5 dxe5 8. Bg5 Nc6 9. Bxf6 Qxf6 10. Qh5+ g6 11. Qf3 Qxf3 12. Nxf3 a6 13. Bxc6 Bxc6 14. Ng5 Bxg2 15. Nxe6 Bxh1 16. Nc7+ Kd7 17. Nxa8 Kc6 18. Ke2 Bg2 19. Na4 b5 20. N4b6 e4 21. c4 Bh6 22. cxb5+ axb5 23. a4 bxa4 24. Rxa4 Rd8 25. Ra1 Rd2+ 26. Ke1 Rxb2 27. Nc4 Rc2 28. Na5+ Kd6 29. Rd1+ Ke6 30. Nc7+ Kf5 31. Rd5+ Kg4 32. Nc6 e3 33. Ne5+ Kh3 34. f3 Bf4 35. Ne6 Rc1+ 36. Ke2 Bf1# 0-1

[Event "Santa Cruz de Tenerife op 30th"]
[Site "Santa Cruz de Tenerife"]
[Date "2019.12.16"]
[Round "2"]
[White "Abreu Suarez, Isauro"]
[Black "Rizoev, Rifat"]
[Result "1-0"]
[WhiteElo "1941"]
[BlackElo "1643"]
[PlyCount "63"]
[EventDate "2019.12.13"]
[EventType "swiss"]
[EventRounds "9"]
[EventCountry "ESP"]
[SourceTitle "CBM 194 Extra"]
[Source "ChessBase"]
[SourceDate "2020.03.31"]
[SourceVersion "1"]
[SourceVersionDate "2020.03.31"]
[SourceQuality "1"]

1. Nc3 d5 2. e4 d4 3. Nce2 c5 4. Ng3 Nc6 5. Nf3 Nf6 6. Bb5 Bd7 7. 0-0 a6 8. Bxc6 Bxc6 9. d3 g6 10. e5 Nd5 11. e6 fxe6 12. Ne4 b6 13. Neg5 Nc7 14. Bf4 h6 15. Bxc7 Qxc7 16. Nxe6 Qd6 17. Re1 Bd5 18. Qe2 Rc8 19. Qe5 Qxe5 20. Rxe5 Bxf3 21. gxf3 g5 22. Rae1 Rh7 23. f4 Bg7 24. Rf5 gxf4 25. Kg2 Rc6 26. Kf3 Kd7 27. Nxf4 Bf6 28. Ng6 Ke8 29. h4 Rg7 30. h5 Rf7 31. Kg4 Bg5 32. Rxf7 1-0

[Event "Tenerife-chT Preferente 1920"]
[Site "Tenerife"]
[Date "2019.12.14"]
[Round "2.2"]
[White "Abreu Suarez, Isauro"]
[Black "Berjon Garcia, Sergio"]
[Result "1/2-1/2"]
[WhiteElo "1974"]
[BlackElo "2066"]
[PlyCount "59"]
[EventDate "2019.11.30"]
[EventType "team-tourn"]
[EventRounds "14"]
[EventCountry "ESP"]
[SourceTitle "CBM 195 Extra"]
[Source "ChessBase"]
[SourceDate "2020.05.31"]
[SourceVersion "1"]
[SourceVersionDate "2020.05.31"]
[SourceQuality "1"]
[WhiteTeam "Canarias 64"]
[BlackTeam "Laguna Cotelec"]
[WhiteTeamCountry "ESP"]
[BlackTeamCountry "ESP"]

1. e4 c5 2. Nc3 g6 3. f4 Bg7 4. Nf3 Nc6 5. Bc4 e6 6. f5 Nge7 7. fxe6 dxe6 8. d3 a6 9. a4 Qb6 10. 0-0 0-0 11. Kh1 Nd4 12. Nxd4 cxd4 13. Ne2 Nc6 14. Ng1 Ne5 15. Bb3 Bd7 16. Nf3 Qc5 17. Nxe5 Qxe5 18. Qe1 a5 19. Bf4 Qc5 20. Qg3 e5 21. Bg5 Be6 22. Bf6 Bxb3 23. cxb3 Rac8 24. h4 Rc6 25. Bxg7 Kxg7 26. h5 f6 27. Qh3 g5 28. h6+ Kg6 29. Rf3 Kf7 30. Qd7+ 1/2-1/2

[Event "ESP-ch 84th"]
[Site "Marbella"]
[Date "2019.11.24"]
[Round "9"]
[White "Aguado Doncel, Pablo Luis"]
[Black "Abreu Suarez, Isauro"]
[Result "1-0"]
[WhiteElo "2062"]
[BlackElo "1974"]
[PlyCount "113"]
[EventDate "2019.11.16"]
[EventType "swiss"]
[EventRounds "9"]
[EventCountry "ESP"]
[SourceTitle "CBM 193 Extra"]
[Source "ChessBase"]
[SourceDate "2020.01.31"]
[SourceVersion "1"]
[SourceVersionDate "2020.01.31"]
[SourceQuality "1"]

1. d4 d5 2. c4 e5 3. dxe5 d4 4. Nf3 Nc6 5. a3 Bg4 6. e3 dxe3 7. Qxd8+ Rxd8 8. Bxe3 Nxe5 9. Be2 Nxf3+ 10. Bxf3 Bxf3 11. gxf3 Nf6 12. Rg1 h6 13. Nc3 a6 14. Ke2 Nh5 15. c5 f5 16. f4 Be7 17. Rad1 c6 18. Na4 0-0 19. Nb6 Rxd1 20. Rxd1 Rd8 21. Nc4 Rxd1 22. Kxd1 Bd8 23. Nd6 Bc7 24. Nxb7 Kf7 25. Ke2 Ke6 26. Kf3 Kd5 27. b4 Nf6 28. Bc1 Ne4 29. h4 g6 30. Ke3 Nf6 31. Ke2 Nh5 32. Kf3 Nf6 33. Bb2 Nh5 34. Be5 Bxe5 35. fxe5 g5 36. hxg5 hxg5 37. Nd8 Ng7 38. Nf7 Ne6 39. Ke3 g4 40. f4 gxf3 41. Kxf3 Kd4 42. Kf2 Ke4 43. Ke2 Nd4+ 44. Kf2 f4 45. Ng5+ Kxe5 46. Nf3+ Kd5 47. Nxd4 Kxd4 48. Kf3 Kc4 49. Kxf4 Kb3 50. Ke5 Kxa3 51. Kd6 Kxb4 52. Kxc6 a5 53. Kd5 a4 54. c6 a3 55. c7 Kb3 56. c8Q a2 57. Qc1 1-0

[Event "Santa Cruz de Tenerife Autumn op"]
[Site "Santa Cruz de Tenerife"]
[Date "2019.11.04"]
[Round "7"]
[White "Abreu Suarez, Isauro"]
[Black "Kraus, Oliver"]
[Result "1/2-1/2"]
[WhiteElo "1974"]
[BlackElo "1938"]
[PlyCount "39"]
[EventDate "2019.10.16"]
[EventType "swiss"]
[EventRounds "9"]
[EventCountry "ESP"]
[SourceTitle "CBM 192 Extra"]
[Source "Chessbase"]
[SourceDate "2019.11.06"]
[SourceVersion "1"]
[SourceVersionDate "2019.11.06"]
[SourceQuality "1"]

1. Nc3 d5 2. e4 d4 3. Nce2 e5 4. Nf3 Bd6 5. Ng3 Be6 6. c3 c5 7. Bb5+ Nd7 8. 0-0 a6 9. Bxd7+ Bxd7 10. cxd4 cxd4 11. d3 Nf6 12. Nh4 0-0 13. Nhf5 Bxf5 14. Nxf5 Re8 15. Bg5 Re6 16. Kh1 Qb6 17. Rc1 Bf8 18. f4 Nd7 19. Qg4 Nc5 20. Rcd1 1/2-1/2

[Event "Santa Cruz de Tenerife Autumn op"]
[Site "Santa Cruz de Tenerife"]
[Date "2019.10.18"]
[Round "2"]
[White "Fernandez Garcia, Jose Luis"]
[Black "Abreu Suarez, Isauro"]
[Result "1/2-1/2"]
[WhiteElo "2404"]
[BlackElo "1974"]
[PlyCount "34"]
[EventDate "2019.10.16"]
[EventType "swiss"]
[EventRounds "9"]
[EventCountry "ESP"]
[SourceTitle "CBM 192 Extra"]
[Source "Chessbase"]
[SourceDate "2019.11.06"]
[SourceVersion "1"]
[SourceVersionDate "2019.11.06"]
[SourceQuality "1"]

1. e4 Nf6 2. e5 Nd5 3. d4 d6 4. c4 Nb6 5. f4 g6 6. Nc3 Bg7 7. Be3 Be6 8. d5 Bf5 9. Nf3 Bg4 10. c5 N6d7 11. h3 Bxf3 12. Qxf3 0-0 13. 0-0-0 Qc8 14. Kb1 Na6 15. c6 Ndc5 16. Bd4 Qf5+ 17. Bd3 Nxd3 1/2-1/2